| 000 | 00688 a2200181 4500 | ||
|---|---|---|---|
| 003 | NUST | ||
| 005 | 20230529152852.0 | ||
| 020 | _a5811177 | ||
| 040 | _cNust | ||
| 082 | _a005.1,JEE | ||
| 100 |
_aJeenel,Joachim _9112798 |
||
| 245 |
_aProgramming for digital computers / _cJoachim Jeenel |
||
| 260 |
_aNY _bMc Graw Hill _c1959 |
||
| 300 | _a517p.; | ||
| 505 | _aIntroduction (Page-1), Stored Program Calculators (Page-6), Programs (Page-64), Programs: Storage And Input Output (Page-248), Problem Preparation (Page-287), Languages (Page-332), Operating, Testing And Checking (Page-373), Problem Planning (Page-404). | ||
| 650 |
_aDIgital Computer _925766 |
||
| 942 |
_2ddc _cBK _k005.1,JEE |
||
| 999 |
_c176482 _d176482 |
||